[Event "World Chess Olympiad 2018"]
[Site "Batumi"]
[Date "2018.09.27"]
[Round "4"]
[Board "2"]
[WhiteFideId "12510130"]
[White "Idani Pouya"]
[BlackFideId "300071"]
[Black "Hracek Zbynek"]
[Result "1/2-1/2"]
[LiveChessVersion "1.4.8"]
[BlackElo "2557"]
[WhiteElo "2589"]

1. e4 {[%clk 1:30:57]} e5 {[%clk 1:30:54]} 2. Nf3 {[%clk 1:31:23]} Nc6
{[%clk 1:31:21]} 3. Bb5 {[%clk 1:31:41]} a6 {[%clk 1:31:36]} 4. Ba4
{[%clk 1:32:06]} Nf6 {[%clk 1:31:54]} 5. O-O {[%clk 1:32:30]} Be7
{[%clk 1:31:56]} 6. Re1 {[%clk 1:32:37]} b5 {[%clk 1:32:10]} 7. Bb3
{[%clk 1:33:02]} O-O {[%clk 1:30:46]} 8. c3 {[%clk 1:32:59]} d6 {[%clk 1:29:09]}
9. a4 {[%clk 1:33:01]} b4 {[%clk 1:21:05]} 10. a5 {[%clk 1:33:23]} bxc3
{[%clk 1:18:42]} 11. dxc3 {[%clk 1:29:47]} Be6 {[%clk 1:15:15]} 12. Bc2
{[%clk 1:29:09]} d5 {[%clk 0:57:15]} 13. exd5 {[%clk 1:28:08]} Bxd5
{[%clk 0:57:22]} 14. Bg5 {[%clk 1:18:04]} e4 {[%clk 0:46:02]} 15. Nfd2
{[%clk 1:16:53]} Rb8 {[%clk 0:45:09]} 16. b3 {[%clk 1:06:29]} Re8
{[%clk 0:42:37]} 17. Ra4 {[%clk 1:04:05]} h6 {[%clk 0:33:29]} 18. Bh4
{[%clk 0:53:19]} g5 {[%clk 0:30:13]} 19. Bg3 {[%clk 0:53:45]} Bd6
{[%clk 0:29:54]} 20. Nf1 {[%clk 0:50:07]} Bxg3 {[%clk 0:28:46]} 21. hxg3
{[%clk 0:46:55]} Bxb3 {[%clk 0:27:24]} 22. Bxb3 {[%clk 0:47:17]} Qxd1
{[%clk 0:27:50]} 23. Bxf7+ {[%clk 0:47:16]} Kxf7 {[%clk 0:28:19]} 24. Rxd1
{[%clk 0:47:39]} Rb5 {[%clk 0:23:20]} 25. Nbd2 {[%clk 0:46:25]} Rxa5
{[%clk 0:19:59]} 26. Rxa5 {[%clk 0:45:57]} Nxa5 {[%clk 0:20:27]} 27. Ra1
{[%clk 0:46:21]} Re5 {[%clk 0:12:08]} 28. Ne3 {[%clk 0:46:36]} Rc5
{[%clk 0:09:56]} 29. c4 {[%clk 0:45:49]} h5 {[%clk 0:09:15]} 30. Kf1
{[%clk 0:42:53]} Ke6 {[%clk 0:08:03]} 31. Ke2 {[%clk 0:42:38]} g4
{[%clk 0:08:06]} 32. Ra4 {[%clk 0:20:00]} Kd7 {[%clk 0:08:18]} 33. Nd1
{[%clk 0:20:11]} Ne8 {[%clk 0:06:31]} 34. Ke3 {[%clk 0:19:22]} Nd6
{[%clk 0:06:35]} 35. Kd4 {[%clk 0:19:41]} Rf5 {[%clk 0:05:28]} 36. Ke3
{[%clk 0:15:12]} Rc5 {[%clk 0:04:11]} 37. Kd4 {[%clk 0:14:19]} Rf5
{[%clk 0:04:34]} 38. Ke3 {[%clk 0:14:11]} Rc5 {[%clk 0:04:33]} 39. Kd4
{[%clk 0:13:16]} 1/2-1/2

[Event "World Chess Olympiad 2018"]
[Site "Batumi"]
[Date "2018.09.27"]
[Round "4"]
[Board "3"]
[WhiteFideId "304760"]
[White "Stocek Jiri"]
[BlackFideId "12521213"]
[Black "Tabatabaei M.amin"]
[Result "1/2-1/2"]
[LiveChessVersion "1.4.8"]
[BlackElo "2576"]
[WhiteElo "2574"]

1. d4 {[%clk 1:30:24]} f5 {[%clk 1:30:51]} 2. c3 {[%clk 1:24:33]} Nf6
{[%clk 1:29:09]} 3. Bg5 {[%clk 1:24:55]} e6 {[%clk 1:29:12]} 4. e3
{[%clk 1:20:05]} Be7 {[%clk 1:19:00]} 5. Bd3 {[%clk 1:19:14]} O-O
{[%clk 1:19:11]} 6. Nf3 {[%clk 1:11:23]} c5 {[%clk 1:08:35]} 7. O-O
{[%clk 1:04:53]} Nc6 {[%clk 1:03:56]} 8. a3 {[%clk 0:55:04]} b6 {[%clk 1:01:09]}
9. Qe2 {[%clk 0:41:57]} h6 {[%clk 0:50:53]} 10. Bh4 {[%clk 0:36:23]} Bb7
{[%clk 0:43:52]} 11. Rd1 {[%clk 0:28:26]} Qe8 {[%clk 0:30:16]} 12. Bxf6
{[%clk 0:24:22]} Bxf6 {[%clk 0:27:29]} 13. Ba6 {[%clk 0:24:26]} Bxa6
{[%clk 0:24:28]} 14. Qxa6 {[%clk 0:24:51]} g5 {[%clk 0:24:41]} 15. Nbd2
{[%clk 0:22:11]} d5 {[%clk 0:22:38]} 16. dxc5 {[%clk 0:18:49]} bxc5
{[%clk 0:22:32]} 17. Nb3 {[%clk 0:18:28]} g4 {[%clk 0:20:50]} 18. Nfd2
{[%clk 0:17:42]} c4 {[%clk 0:20:57]} 19. Nd4 {[%clk 0:17:47]} Bxd4
{[%clk 0:17:57]} 20. exd4 {[%clk 0:17:36]} Rb8 {[%clk 0:17:34]} 21. Rab1
{[%clk 0:16:24]} f4 {[%clk 0:07:40]} 22. b3 {[%clk 0:16:23]} Rb6 {[%clk 0:06:55]}
23. Qa4 {[%clk 0:16:47]} cxb3 {[%clk 0:05:22]} 24. Rxb3 {[%clk 0:16:36]} Rxb3
{[%clk 0:05:03]} 25. Qxb3 {[%clk 0:16:13]} Qg6 {[%clk 0:05:06]} 26. Qa4
{[%clk 0:13:26]} Nd8 {[%clk 0:04:56]} 27. Nf1 {[%clk 0:11:27]} f3
{[%clk 0:04:54]} 28. g3 {[%clk 0:10:42]} Nf7 {[%clk 0:04:56]} 29. h4
{[%clk 0:06:54]} gxh3 {[%clk 0:05:16]} 30. Kh2 {[%clk 0:06:35]} h5
{[%clk 0:03:15]} 31. Re1 {[%clk 0:05:47]} h4 {[%clk 0:01:56]} 32. Qd7
{[%clk 0:04:18]} Ng5 {[%clk 0:01:19]} 33. Re5 {[%clk 0:04:07]} Rf5
{[%clk 0:00:58]} 34. Qd8+ {[%clk 0:03:27]} Kh7 {[%clk 0:01:06]} 35. Qe7+
{[%clk 0:03:45]} Kh6 {[%clk 0:01:23]} 36. Qxa7 {[%clk 0:01:43]} Ne4
{[%clk 0:01:18]} 37. Qb8 {[%clk 0:01:19]} hxg3+ {[%clk 0:00:33]} 38. fxg3
{[%clk 0:01:20]} Rxe5 {[%clk 0:00:33]} 39. Qh8+ {[%clk 0:01:21]} Qh7
{[%clk 0:01:01]} 40. Qxe5 {[%clk 0:31:18]} Ng5 {[%clk 0:30:31]} 41. Qf6+
{[%clk 0:20:36]} Kh5 {[%clk 0:28:37]} 42. Ne3 {[%clk 0:19:45]} Qc7
{[%clk 0:28:26]} 43. Qh8+ {[%clk 0:14:04]} Kg6 {[%clk 0:28:50]} 44. Qg8+
{[%clk 0:14:21]} Kh5 {[%clk 0:21:31]} 45. Qh8+ {[%clk 0:13:51]} Kg6
{[%clk 0:21:31]} 46. Qg8+ {[%clk 0:14:13]} 1/2-1/2

[Event "World Chess Olympiad 2018"]
[Site "Batumi"]
[Date "2018.09.27"]
[Round "4"]
[Board "3"]
[WhiteFideId "4650891"]
[White "Naiditsch Arkadij"]
[BlackFideId "410608"]
[Black "Howell David W L"]
[Result "1/2-1/2"]
[LiveChessVersion "1.4.8"]
[BlackElo "2689"]
[WhiteElo "2721"]

1. e4 {[%clk 1:30:55]} e5 {[%clk 1:30:12]} 2. Nf3 {[%clk 1:31:18]} Nc6
{[%clk 1:30:35]} 3. Bb5 {[%clk 1:31:40]} Nf6 {[%clk 1:30:30]} 4. d3
{[%clk 1:31:58]} Bc5 {[%clk 1:30:47]} 5. Bxc6 {[%clk 1:32:15]} dxc6
{[%clk 1:31:04]} 6. O-O {[%clk 1:32:37]} Qe7 {[%clk 1:25:48]} 7. Nbd2
{[%clk 1:32:30]} Bg4 {[%clk 1:16:51]} 8. Nc4 {[%clk 1:31:30]} Nd7
{[%clk 1:15:35]} 9. h3 {[%clk 1:23:05]} Bh5 {[%clk 1:09:24]} 10. Bd2
{[%clk 1:22:58]} f6 {[%clk 1:02:41]} 11. b4 {[%clk 1:18:57]} Bxb4
{[%clk 0:44:13]} 12. Bxb4 {[%clk 1:19:00]} Qxb4 {[%clk 0:44:37]} 13. Rb1
{[%clk 1:19:19]} Qe7 {[%clk 0:42:38]} 14. Rxb7 {[%clk 1:19:10]} Nb6
{[%clk 0:39:59]} 15. Na5 {[%clk 1:19:03]} O-O {[%clk 0:28:55]} 16. Nxc6
{[%clk 0:48:30]} Qc5 {[%clk 0:26:50]} 17. Nxa7 {[%clk 0:47:50]} Qa3
{[%clk 0:08:24]} 18. Nc6 {[%clk 0:42:03]} Qd6 {[%clk 0:08:17]} 19. Na7
{[%clk 0:42:05]} Qa3 {[%clk 0:08:42]} 20. Nc6 {[%clk 0:42:02]} Qd6
{[%clk 0:05:46]} 21. Na7 {[%clk 0:42:06]} Qa3 1/2-1/2

[Event "World Chess Olympiad 2018"]
[Site "Batumi"]
[Date "2018.09.27"]
[Round "4"]
[Board "4"]
[WhiteFideId "409561"]
[White "Jones Gawain C B"]
[BlackFideId "13401653"]
[Black "Mamedov Rauf"]
[Result "0-1"]
[LiveChessVersion "1.4.8"]
[BlackElo "2699"]
[WhiteElo "2677"]

1. e4 {[%clk 1:30:36]} c5 {[%clk 1:30:56]} 2. c3 {[%clk 1:30:56]} Nf6
{[%clk 1:31:23]} 3. e5 {[%clk 1:31:14]} Nd5 {[%clk 1:31:50]} 4. Nf3
{[%clk 1:31:30]} Nc6 {[%clk 1:32:15]} 5. d4 {[%clk 1:31:36]} cxd4
{[%clk 1:32:40]} 6. cxd4 {[%clk 1:31:53]} d6 {[%clk 1:33:03]} 7. Bc4
{[%clk 1:32:13]} dxe5 {[%clk 1:33:24]} 8. dxe5 {[%clk 1:32:25]} Be6
{[%clk 1:33:51]} 9. O-O {[%clk 1:14:47]} g6 {[%clk 1:34:08]} 10. Qe2
{[%clk 1:08:33]} Nc7 {[%clk 1:18:30]} 11. Nc3 {[%clk 1:01:31]} Bg7
{[%clk 1:17:00]} 12. Re1 {[%clk 0:58:43]} O-O {[%clk 1:14:22]} 13. Bf4
{[%clk 0:56:31]} Nd4 {[%clk 1:05:06]} 14. Nxd4 {[%clk 0:56:35]} Qxd4
{[%clk 1:02:52]} 15. Bxe6 {[%clk 0:56:56]} Nxe6 {[%clk 0:57:46]} 16. Bg3
{[%clk 0:55:47]} Rfd8 {[%clk 0:55:29]} 17. Red1 {[%clk 0:43:21]} Qc5
{[%clk 0:55:02]} 18. Qe4 {[%clk 0:43:01]} Rxd1+ {[%clk 0:48:27]} 19. Rxd1
{[%clk 0:43:24]} Rd8 {[%clk 0:48:20]} 20. Rxd8+ {[%clk 0:37:55]} Nxd8
{[%clk 0:47:57]} 21. Kf1 {[%clk 0:36:22]} Qb6 {[%clk 0:44:14]} 22. b3
{[%clk 0:32:06]} Qa6+ {[%clk 0:32:01]} 23. Kg1 {[%clk 0:26:10]} Qa3
{[%clk 0:28:11]} 24. Qe3 {[%clk 0:24:23]} Nc6 {[%clk 0:25:33]} 25. h4
{[%clk 0:19:16]} Qa5 {[%clk 0:19:43]} 26. h5 {[%clk 0:17:59]} gxh5
{[%clk 0:18:38]} 27. f4 {[%clk 0:13:59]} f6 {[%clk 0:18:18]} 28. Kh1
{[%clk 0:11:40]} fxe5 {[%clk 0:15:46]} 29. fxe5 {[%clk 0:11:56]} h4
{[%clk 0:10:16]} 30. Bh2 {[%clk 0:10:40]} Nxe5 {[%clk 0:09:23]} 31. b4
{[%clk 0:10:14]} Qb6 {[%clk 0:09:50]} 32. Qxb6 {[%clk 0:10:14]} axb6
{[%clk 0:10:17]} 33. Nd5 {[%clk 0:10:38]} Kf7 {[%clk 0:09:42]} 34. Bg1
{[%clk 0:06:18]} b5 {[%clk 0:09:06]} 35. Nc7 {[%clk 0:05:57]} Nc6
{[%clk 0:06:15]} 36. a3 {[%clk 0:05:51]} Bb2 {[%clk 0:05:52]} 37. Nxb5
{[%clk 0:06:05]} Ke6 {[%clk 0:06:20]} 38. Kh2 {[%clk 0:04:56]} Kd5
{[%clk 0:06:34]} 39. Kh3 {[%clk 0:05:20]} Kc4 {[%clk 0:06:25]} 40. Nc7
{[%clk 0:35:22]} b5 {[%clk 0:35:09]} 41. Kxh4 {[%clk 0:28:16]} Bxa3
{[%clk 0:35:09]} 42. Kh5 {[%clk 0:28:15]} Bxb4 {[%clk 0:35:20]} 43. Nxb5
{[%clk 0:24:40]} Kxb5 {[%clk 0:35:46]} 44. Kh6 {[%clk 0:25:04]} Bc5
{[%clk 0:36:01]} 45. Bh2 {[%clk 0:25:18]} Bd6 {[%clk 0:34:52]} 46. Bg1
{[%clk 0:22:52]} Ne5 {[%clk 0:35:14]} 47. Kxh7 {[%clk 0:22:19]} Kc4
{[%clk 0:35:38]} 48. Bb6 {[%clk 0:21:15]} Kd5 {[%clk 0:34:32]} 49. Kh6
{[%clk 0:19:47]} Bc5 {[%clk 0:34:54]} 50. Bc7 {[%clk 0:19:49]} Ke6
{[%clk 0:35:20]} 51. Kg5 {[%clk 0:19:22]} Be3+ {[%clk 0:35:46]} 52. Kh5
{[%clk 0:18:55]} Kf5 {[%clk 0:36:10]} 53. Bd8 {[%clk 0:19:18]} e6
{[%clk 0:35:54]} 54. Kh4 {[%clk 0:18:39]} Bf4 {[%clk 0:34:35]} 55. Kh3
{[%clk 0:18:08]} Ng4 {[%clk 0:32:48]} 56. g3 {[%clk 0:18:09]} Bg5
{[%clk 0:33:09]} 57. Bc7 {[%clk 0:18:27]} e5 {[%clk 0:33:29]} 58. Bb6
{[%clk 0:18:13]} e4 {[%clk 0:33:41]} 59. Kg2 {[%clk 0:18:37]} e3 {[%clk 0:34:01]}
60. Kf3 {[%clk 0:18:49]} Ne5+ {[%clk 0:34:27]} 61. Ke2 {[%clk 0:19:02]} Ke4
{[%clk 0:34:52]} 62. g4 {[%clk 0:19:01]} Nxg4 {[%clk 0:35:11]} 63. Kf1
{[%clk 0:19:21]} Kf3 {[%clk 0:35:31]} 64. Bxe3 {[%clk 0:19:46]} Bxe3
{[%clk 0:35:41]} 65. Ke1 {[%clk 0:20:13]} Nf2 {[%clk 0:35:04]} 66. Kf1
{[%clk 0:20:41]} Bd2 {[%clk 0:34:07]} 67. Kg1 {[%clk 0:21:10]} Ne4
{[%clk 0:34:32]} 68. Kf1 {[%clk 0:21:28]} Ng3+ {[%clk 0:34:58]} 69. Kg1
{[%clk 0:21:55]} Be3+ {[%clk 0:35:09]} 70. Kh2 {[%clk 0:22:23]} Bf2
{[%clk 0:35:30]} 71. Kh3 {[%clk 0:22:51]} Bg1 {[%clk 0:35:56]} 72. Kh4
{[%clk 0:23:18]} Ne4 {[%clk 0:36:23]} 73. Kh3 {[%clk 0:23:45]} Ng5+
{[%clk 0:36:49]} 74. Kh4 {[%clk 0:24:13]} Kf4 {[%clk 0:37:15]} 75. Kh5
{[%clk 0:24:40]} Kf5 {[%clk 0:37:39]} 76. Kh6 {[%clk 0:25:07]} Ne6
{[%clk 0:37:40]} 77. Kh5 {[%clk 0:25:34]} Bf2 {[%clk 0:37:49]} 78. Kh6
{[%clk 0:26:03]} Bg3 {[%clk 0:37:41]} 79. Kh5 {[%clk 0:26:31]} Ng7+
{[%clk 0:38:04]} 80. Kh6 {[%clk 0:26:59]} Kf6 {[%clk 0:38:27]} 81. Kh7
{[%clk 0:27:27]} Kf7 {[%clk 0:38:50]} 82. Kh6 {[%clk 0:27:53]} Bf4+
{[%clk 0:39:16]} 83. Kh7 {[%clk 0:28:20]} Ne6 {[%clk 0:39:19]} 84. Kh8
{[%clk 0:28:48]} Bh6 {[%clk 0:39:43]} 85. Kh7 {[%clk 0:29:15]} Bf8
{[%clk 0:40:09]} 86. Kh8 {[%clk 0:29:40]} Bg7+ {[%clk 0:40:34]} 87. Kh7
{[%clk 0:30:07]} Nf8# {[%clk 0:41:03]} 0-1

[Event "World Chess Olympiad 2018"]
[Site "Batumi"]
[Date "2018.09.27"]
[Round "4"]
[Board "1"]
[WhiteFideId "8603677"]
[White "Ding Liren"]
[BlackFideId "14508150"]
[Black "Saric Ivan"]
[Result "1-0"]
[LiveChessVersion "1.4.8"]
[BlackElo "2689"]
[WhiteElo "2804"]

1. d4 {[%clk 1:30:57]} Nf6 {[%clk 1:30:55]} 2. c4 {[%clk 1:31:21]} e6
{[%clk 1:31:21]} 3. Nf3 {[%clk 1:31:16]} Bb4+ {[%clk 1:31:43]} 4. Nbd2
{[%clk 1:30:01]} O-O {[%clk 1:32:05]} 5. a3 {[%clk 1:30:30]} Be7 {[%clk 1:32:28]}
6. e4 {[%clk 1:30:54]} d5 {[%clk 1:32:53]} 7. e5 {[%clk 1:31:21]} Nfd7
{[%clk 1:33:18]} 8. Bd3 {[%clk 1:31:04]} c5 {[%clk 1:33:40]} 9. h4
{[%clk 1:31:26]} g6 {[%clk 1:33:53]} 10. O-O {[%clk 1:31:50]} Nc6
{[%clk 1:28:11]} 11. Nb3 {[%clk 1:26:09]} dxc4 {[%clk 1:20:00]} 12. Bxc4
{[%clk 1:26:32]} cxd4 {[%clk 1:18:03]} 13. Re1 {[%clk 1:23:14]} a5
{[%clk 0:49:13]} 14. Bh6 {[%clk 1:14:25]} Re8 {[%clk 0:48:18]} 15. Rc1
{[%clk 1:12:58]} Nb6 {[%clk 0:41:02]} 16. Bb5 {[%clk 1:00:14]} a4
{[%clk 0:31:31]} 17. Bxc6 {[%clk 0:57:38]} bxc6 {[%clk 0:31:57]} 18. Nbxd4
{[%clk 0:58:03]} c5 {[%clk 0:30:39]} 19. Nc6 {[%clk 0:58:03]} Qxd1
{[%clk 0:30:55]} 20. Nxe7+ {[%clk 0:47:15]} Rxe7 {[%clk 0:31:20]} 21. Rexd1
{[%clk 0:47:43]} Rd7 {[%clk 0:29:40]} 22. Nd2 {[%clk 0:48:06]} Rd5
{[%clk 0:18:51]} 23. Ne4 {[%clk 0:48:28]} Nd7 {[%clk 0:19:17]} 24. Nxc5
{[%clk 0:41:02]} Nxc5 {[%clk 0:19:27]} 25. Rxd5 {[%clk 0:41:29]} exd5
{[%clk 0:19:53]} 26. Rxc5 {[%clk 0:41:57]} Be6 {[%clk 0:20:12]} 27. Rc6
{[%clk 0:41:25]} Rd8 {[%clk 0:08:41]} 28. Ra6 {[%clk 0:40:50]} d4
{[%clk 0:08:53]} 29. Rxa4 {[%clk 0:40:43]} d3 {[%clk 0:09:17]} 30. Bd2
{[%clk 0:41:09]} h5 {[%clk 0:06:45]} 31. f3 {[%clk 0:41:30]} Rd5 {[%clk 0:06:12]}
32. Ra6 {[%clk 0:34:54]} g5 {[%clk 0:04:29]} 33. hxg5 {[%clk 0:34:10]} Rxe5
{[%clk 0:04:54]} 34. Rd6 {[%clk 0:34:27]} Bc4 {[%clk 0:04:33]} 35. Rd4
{[%clk 0:33:04]} Ba6 {[%clk 0:04:32]} 36. a4 {[%clk 0:32:30]} Re2
{[%clk 0:04:31]} 37. Bc3 {[%clk 0:32:57]} Rc2 {[%clk 0:03:06]} 38. Rd8+
{[%clk 0:33:02]} Kh7 {[%clk 0:03:31]} 39. Rd6 {[%clk 0:33:27]} 1-0

[Event "World Chess Olympiad 2018"]
[Site "Batumi"]
[Date "2018.09.27"]
[Round "4"]
[Board "2"]
[WhiteFideId "14507927"]
[White "Bosiocic Marin"]
[BlackFideId "8603820"]
[Black "Yu Yangyi"]
[Result "0-1"]
[LiveChessVersion "1.4.8"]
[BlackElo "2765"]
[WhiteElo "2600"]

1. d4 {[%clk 1:30:49]} d5 {[%clk 1:30:48]} 2. c4 {[%clk 1:31:08]} c6
{[%clk 1:31:09]} 3. Nf3 {[%clk 1:30:59]} Nf6 {[%clk 1:31:28]} 4. Nc3
{[%clk 1:29:56]} dxc4 {[%clk 1:30:41]} 5. a4 {[%clk 1:30:13]} e6 {[%clk 1:30:49]}
6. e3 {[%clk 1:29:39]} c5 {[%clk 1:30:37]} 7. Bxc4 {[%clk 1:29:57]} cxd4
{[%clk 1:29:33]} 8. exd4 {[%clk 1:29:42]} Be7 {[%clk 1:28:55]} 9. O-O
{[%clk 1:29:22]} O-O {[%clk 1:28:32]} 10. Qe2 {[%clk 1:27:20]} Nc6
{[%clk 1:25:15]} 11. Rd1 {[%clk 1:27:18]} Nb4 {[%clk 1:24:32]} 12. Ne5
{[%clk 1:23:08]} b6 {[%clk 1:12:48]} 13. Qf3 {[%clk 1:07:12]} Rb8
{[%clk 1:10:17]} 14. Qg3 {[%clk 1:05:16]} Bb7 {[%clk 1:08:21]} 15. Bh6
{[%clk 1:04:00]} Ne8 {[%clk 1:07:19]} 16. d5 {[%clk 0:57:08]} Nxd5
{[%clk 0:55:40]} 17. Bxd5 {[%clk 0:44:31]} exd5 {[%clk 0:56:01]} 18. Rd4
{[%clk 0:44:18]} Bf6 {[%clk 0:43:37]} 19. Re1 {[%clk 0:29:27]} Nd6
{[%clk 0:33:23]} 20. Nxd5 {[%clk 0:18:49]} Nf5 {[%clk 0:31:53]} 21. Nxf6+
{[%clk 0:19:14]} Qxf6 {[%clk 0:32:02]} 22. Rf4 {[%clk 0:19:36]} Nxg3
{[%clk 0:13:09]} 23. Rxf6 {[%clk 0:19:58]} Ne4 {[%clk 0:10:08]} 24. Rf4
{[%clk 0:19:49]} gxh6 {[%clk 0:09:44]} 25. Nd7 {[%clk 0:19:46]} Rbd8
{[%clk 0:09:30]} 26. Nxf8 {[%clk 0:15:20]} Kxf8 {[%clk 0:09:57]} 27. a5
{[%clk 0:14:01]} Rd2 {[%clk 0:08:16]} 28. a6 {[%clk 0:13:10]} Bd5
{[%clk 0:07:41]} 29. f3 {[%clk 0:13:01]} Nc5 {[%clk 0:07:35]} 30. b4
{[%clk 0:11:07]} Nxa6 {[%clk 0:07:54]} 31. Ra1 {[%clk 0:10:26]} Ra2
{[%clk 0:07:22]} 32. Rxa2 {[%clk 0:09:56]} Bxa2 {[%clk 0:07:48]} 33. Rh4
{[%clk 0:09:05]} b5 {[%clk 0:07:30]} 34. Rxh6 {[%clk 0:08:36]} Nxb4
{[%clk 0:07:55]} 35. Rxh7 {[%clk 0:09:00]} a5 {[%clk 0:08:11]} 36. Kf2
{[%clk 0:08:26]} Kg8 {[%clk 0:06:24]} 37. Rh6 {[%clk 0:06:40]} a4
{[%clk 0:05:42]} 38. Rb6 {[%clk 0:05:31]} Bc4 {[%clk 0:05:19]} 39. Ke1
{[%clk 0:05:54]} Kg7 {[%clk 0:04:29]} 40. Kd2 {[%clk 0:35:52]} a3
{[%clk 0:34:51]} 41. Rb8 {[%clk 0:36:00]} Na6 {[%clk 0:33:11]} 0-1

[Event "World Chess Olympiad 2018"]
[Site "Batumi"]
[Date "2018.09.27"]
[Round "4"]
[Board "4"]
[WhiteFideId "14509792"]
[White "Martinovic Sasa"]
[BlackFideId "8601445"]
[Black "Bu Xiangzhi"]
[Result "0-1"]
[LiveChessVersion "1.4.8"]
[BlackElo "2712"]
[WhiteElo "2567"]

1. d4 {[%clk 1:30:59]} Nf6 {[%clk 1:30:47]} 2. c4 {[%clk 1:31:24]} e6
{[%clk 1:31:14]} 3. Nc3 {[%clk 1:31:51]} Bb4 {[%clk 1:31:37]} 4. Qc2
{[%clk 1:32:17]} O-O {[%clk 1:28:38]} 5. Nf3 {[%clk 1:32:37]} d5 {[%clk 1:28:18]}
6. Bg5 {[%clk 1:32:55]} h6 {[%clk 1:25:55]} 7. Bxf6 {[%clk 1:33:05]} Qxf6
{[%clk 1:26:18]} 8. a3 {[%clk 1:33:26]} Bxc3+ {[%clk 1:26:26]} 9. Qxc3
{[%clk 1:33:53]} c6 {[%clk 1:19:03]} 10. e3 {[%clk 1:34:09]} Nd7 {[%clk 1:18:50]}
11. Be2 {[%clk 1:33:58]} dxc4 {[%clk 1:11:30]} 12. Qxc4 {[%clk 1:34:22]} e5
{[%clk 1:11:10]} 13. O-O {[%clk 1:34:39]} e4 {[%clk 1:07:58]} 14. Nd2
{[%clk 1:34:58]} Qg6 {[%clk 1:08:19]} 15. Rfc1 {[%clk 1:32:07]} Nf6
{[%clk 1:06:59]} 16. b4 {[%clk 1:29:44]} Bh3 {[%clk 1:01:11]} 17. Bf1
{[%clk 1:27:07]} h5 {[%clk 0:59:32]} 18. Qc2 {[%clk 1:06:19]} h4 {[%clk 0:59:04]}
19. Kh1 {[%clk 0:59:44]} Be6 {[%clk 0:55:06]} 20. h3 {[%clk 0:59:11]} Rad8
{[%clk 0:50:52]} 21. Bc4 {[%clk 0:56:05]} Rfe8 {[%clk 0:50:02]} 22. a4
{[%clk 0:50:10]} Qf5 {[%clk 0:47:33]} 23. Kg1 {[%clk 0:46:28]} g5
{[%clk 0:47:00]} 24. Be2 {[%clk 0:38:47]} Qg6 {[%clk 0:34:19]} 25. Nc4
{[%clk 0:32:16]} Bxc4 {[%clk 0:31:44]} 26. Qxc4 {[%clk 0:31:21]} g4
{[%clk 0:27:17]} 27. Bxg4 {[%clk 0:29:04]} Nxg4 {[%clk 0:27:24]} 28. hxg4
{[%clk 0:29:31]} Qxg4 {[%clk 0:26:46]} 29. Kf1 {[%clk 0:24:10]} Re6
{[%clk 0:17:20]} 30. Qe2 {[%clk 0:24:10]} Qg5 {[%clk 0:15:10]} 31. Rc5
{[%clk 0:16:52]} Rd5 {[%clk 0:15:33]} 32. Qc2 {[%clk 0:14:05]} Kg7
{[%clk 0:14:06]} 33. Rc1 {[%clk 0:12:01]} Qf5 {[%clk 0:11:04]} 34. Rxd5
{[%clk 0:10:00]} cxd5 {[%clk 0:11:11]} 35. Qc7 {[%clk 0:05:37]} Rf6
{[%clk 0:11:29]} 36. Rc2 {[%clk 0:04:40]} Qg4 {[%clk 0:11:53]} 37. Rc1
{[%clk 0:01:51]} Qg3 {[%clk 0:06:05]} 38. Qxg3+ {[%clk 0:01:27]} hxg3
{[%clk 0:06:34]} 39. f3 {[%clk 0:00:45]} exf3 {[%clk 0:06:53]} 40. gxf3
{[%clk 0:31:07]} Rxf3+ {[%clk 0:37:20]} 41. Kg2 {[%clk 0:30:01]} Rxe3
{[%clk 0:37:43]} 42. Rc7 {[%clk 0:30:21]} Kg6 {[%clk 0:37:34]} 43. Rxb7
{[%clk 0:30:43]} f5 {[%clk 0:38:01]} 44. Rxa7 {[%clk 0:30:50]} f4
{[%clk 0:38:28]} 45. Kh3 {[%clk 0:26:29]} Re2 {[%clk 0:38:26]} 46. Ra8
{[%clk 0:26:37]} Kf7 {[%clk 0:37:20]} 47. Ra7+ {[%clk 0:26:26]} Kf6
{[%clk 0:37:46]} 0-1

[Event "World Chess Olympiad 2018"]
[Site "Batumi"]
[Date "2018.09.27"]
[Round "4"]
[Board "1"]
[WhiteFideId "4202031"]
[White "Banikas Hristos"]
[BlackFideId "13300474"]
[Black "Aronian Levon"]
[Result "0-1"]
[LiveChessVersion "1.4.8"]
[BlackElo "2780"]
[WhiteElo "2601"]

1. d4 {[%clk 1:30:56]} d6 {[%clk 1:30:48]} 2. Nf3 {[%clk 1:30:57]} g6
{[%clk 1:30:06]} 3. c4 {[%clk 1:30:34]} Bg7 {[%clk 1:30:23]} 4. Nc3
{[%clk 1:20:59]} c5 {[%clk 1:30:27]} 5. e3 {[%clk 1:19:32]} Nc6 {[%clk 1:24:11]}
6. h3 {[%clk 1:17:00]} e6 {[%clk 1:21:33]} 7. d5 {[%clk 1:06:31]} exd5
{[%clk 1:15:30]} 8. cxd5 {[%clk 1:06:31]} Ne5 {[%clk 1:13:55]} 9. Nxe5
{[%clk 1:02:54]} Bxe5 {[%clk 1:14:23]} 10. e4 {[%clk 1:03:00]} f5
{[%clk 1:13:35]} 11. exf5 {[%clk 0:32:34]} Bxf5 {[%clk 1:08:26]} 12. Bf4
{[%clk 0:32:48]} Bxf4 {[%clk 0:59:59]} 13. Qa4+ {[%clk 0:33:13]} Bd7
{[%clk 1:00:12]} 14. Qxf4 {[%clk 0:33:34]} Qe7+ {[%clk 0:52:42]} 15. Be2
{[%clk 0:31:46]} Nf6 {[%clk 0:52:45]} 16. O-O {[%clk 0:30:01]} O-O
{[%clk 0:52:38]} 17. Rae1 {[%clk 0:29:55]} Rae8 {[%clk 0:49:30]} 18. Qd2
{[%clk 0:28:33]} Qd8 {[%clk 0:49:18]} 19. Bd3 {[%clk 0:28:43]} a6
{[%clk 0:44:11]} 20. a3 {[%clk 0:28:54]} b5 {[%clk 0:41:59]} 21. b4
{[%clk 0:28:40]} Bc8 {[%clk 0:39:44]} 22. Bb1 {[%clk 0:28:09]} Qc7
{[%clk 0:37:02]} 23. f4 {[%clk 0:26:33]} a5 {[%clk 0:27:03]} 24. Kh2
{[%clk 0:22:53]} axb4 {[%clk 0:24:34]} 25. axb4 {[%clk 0:23:17]} Bd7
{[%clk 0:24:39]} 26. bxc5 {[%clk 0:21:25]} Qxc5 {[%clk 0:15:30]} 27. f5
{[%clk 0:20:12]} Rxe1 {[%clk 0:14:22]} 28. Qxe1 {[%clk 0:17:41]} b4
{[%clk 0:13:25]} 29. Ne4 {[%clk 0:14:20]} Nxe4 {[%clk 0:13:32]} 30. Bxe4
{[%clk 0:13:23]} gxf5 {[%clk 0:09:23]} 31. Bb1 {[%clk 0:13:01]} Qc3
{[%clk 0:08:46]} 32. Qh4 {[%clk 0:13:25]} Kh8 {[%clk 0:08:24]} 33. Kh1
{[%clk 0:13:05]} Qb2 {[%clk 0:04:18]} 34. Bd3 {[%clk 0:12:01]} Rg8
{[%clk 0:03:43]} 35. Rf2 {[%clk 0:11:42]} Qa1+ {[%clk 0:03:16]} 36. Rf1
{[%clk 0:12:02]} Qg7 {[%clk 0:02:44]} 37. Rf2 {[%clk 0:11:24]} Qa1+
{[%clk 0:01:35]} 38. Rf1 {[%clk 0:11:37]} Qg7 {[%clk 0:01:59]} 39. Rf2
{[%clk 0:11:42]} b3 {[%clk 0:02:07]} 40. Qb4 {[%clk 0:39:33]} f4 {[%clk 0:30:36]}
41. Qxb3 {[%clk 0:36:20]} f3 {[%clk 0:28:13]} 42. Qb2 {[%clk 0:34:26]} Qxb2
{[%clk 0:21:45]} 43. Rxb2 {[%clk 0:34:51]} fxg2+ {[%clk 0:21:58]} 44. Rxg2
{[%clk 0:34:08]} Bxh3 {[%clk 0:21:58]} 45. Rb2 {[%clk 0:34:01]} Rg5
{[%clk 0:21:00]} 46. Be4 {[%clk 0:25:52]} Bf5 {[%clk 0:19:01]} 47. Bf3
{[%clk 0:24:27]} Kg7 {[%clk 0:18:18]} 48. Rb6 {[%clk 0:24:51]} Rg6
{[%clk 0:18:43]} 49. Rb7+ {[%clk 0:25:20]} Kf6 {[%clk 0:18:26]} 50. Kh2
{[%clk 0:23:16]} Rg5 {[%clk 0:17:42]} 51. Rb8 {[%clk 0:22:58]} Ke5
{[%clk 0:17:15]} 52. Bg2 {[%clk 0:23:20]} Rg6 {[%clk 0:15:18]} 53. Re8+
{[%clk 0:23:10]} Kd4 {[%clk 0:15:22]} 54. Rf8 {[%clk 0:23:25]} Be4
{[%clk 0:15:05]} 55. Bh3 {[%clk 0:21:58]} Kxd5 {[%clk 0:15:26]} 56. Rf7
{[%clk 0:22:22]} Rg5 {[%clk 0:15:27]} 57. Bc8 {[%clk 0:21:48]} Ke5
{[%clk 0:15:07]} 58. Re7+ {[%clk 0:21:36]} Kd4 {[%clk 0:15:19]} 59. Kh3
{[%clk 0:21:36]} Bf5+ {[%clk 0:14:23]} 60. Bxf5 {[%clk 0:21:58]} Rxf5
{[%clk 0:14:51]} 61. Kg4 {[%clk 0:22:22]} Rf1 {[%clk 0:14:51]} 62. Rxh7
{[%clk 0:22:47]} d5 {[%clk 0:15:16]} 63. Kg3 {[%clk 0:20:57]} Kd3
{[%clk 0:15:10]} 64. Rh3 {[%clk 0:20:17]} Rf8 {[%clk 0:14:59]} 0-1